000 00645nam a2200217 a 4500
001 000008599
005 20200929161353.0
008 850829s1984 pr 000 f spa d
020 _a8449978637
040 _aDO-SdBNP
_cDLC
_dBNPHU
082 _aPR863.4
_bH557v
100 1 _aHernández Pérez, Zenón.
_917302
245 1 0 _aVida de perro :
_bnovela corta /
_cZenón Hernández Pérez.
260 _aRío Piedras, Puerto Rico :
_bEdil,
_c1984.
300 _a74 p. ;
_c20 cm.
650 4 _aNovela puertorriqueña
_91185
650 4 _aLiteratura puertorriqueña
_9250
910 _aCatalogación por copia / LC
910 _aWM
049 _aBNGR
999 _c8369
_d8369